Why vegan? (Record no. 5309)

MARC details
000 -CABECERA
campo de control de longitud fija 02034pam a2200325 i 4500
001 - NÚMERO DE CONTROL
campo de control 990222371610107026
003 - IDENTIFICADOR DEL NÚMERO DE CONTROL
campo de control UkOxU
005 - FECHA Y HORA DE LA ÚLTIMA TRANSACCIÓN
campo de control 20260128112153.0
008 - DATOS DE LONGITUD FIJA--INFORMACIÓN GENERAL
campo de control de longitud fija 200508s2020 enk 000|0 eng|d
015 ## - NÚMERO DE BIBLIOGRAFÍA NACIONAL
Número de bibliografía nacional GBC081332
Fuente bnb
016 7# - NÚMERO DE CONTROL DE UNA AGENCIA BIBLIOGRÁFICA NACIONAL
Número de control del registro 019834107
Fuente Uk
020 ## - NÚMERO INTERNACIONAL ESTÁNDAR DEL LIBRO
Número Internacional Estándar del Libro 9780241472385
Información calificativa paperback
Condiciones de disponibilidad Đ5.99
035 ## - NÚMERO DE CONTROL DEL SISTEMA
Número de control de sistema (UkOxU)022237161
035 ## - NÚMERO DE CONTROL DEL SISTEMA
Número de control de sistema (UkOxU)022237161BIB01
035 ## - NÚMERO DE CONTROL DEL SISTEMA
Número de control de sistema (Uk)019834107
040 ## - FUENTE DE LA CATALOGACIÓN
Centro catalogador/agencia de origen StDuBDS
Lengua de catalogación eng
Normas de descripción rda
Centro/agencia transcriptor StDuBDS
Centro/agencia modificador UkOxU
041 ## - CÓDIGO DE LENGUA
Código de lengua del texto/banda sonora o título independiente EN
100 ## - ENTRADA PRINCIPAL--NOMBRE DE PERSONA
Nombre de persona Singer, Peter,
Fechas asociadas al nombre 1946-
Término indicativo de función/relación author.
245 10 - MENCIÓN DE TÍTULO
Título Why vegan?
Mención de responsabilidad, etc. / Peter Singer.
246 34 - FORMA VARIANTE DE TÍTULO
Título propio/Titulo breve Why vegan? :
Resto del título So the only question is: do animals other than man suffer?
264 #1 - PRODUCCIÓN, PUBLICACIÓN, DISTRIBUCIÓN, FABRICACIÓN Y COPYRIGHT
Producción, publicación, distribución, fabricación y copyright London :
Nombre del de productor, editor, distribuidor, fabricante Penguin Books,
Fecha de producción, publicación, distribución, fabricación o copyright 2020.
300 ## - DESCRIPCIÓN FÍSICA
Extensión 84 pages ;
Dimensiones 18 cm.
490 1# - MENCIÓN DE SERIE
Mención de serie Great ideas ;
Designación de volumen o secuencia 120
505 ## - NOTA DE CONTENIDO CON FORMATO
Nota de contenido con formato So the Only Question Is: Do Animals Other Than Man Suffer? —<br/><br/>All Animals Are Equal —<br/><br/>Tools for Research —<br/><br/>Down on the Factory Farm —<br/><br/>Man’s Dominion —<br/><br/>Speciesism —<br/><br/>The Ethics of Diet —<br/><br/>Becoming a Vegetarian.
520 ## - SUMARIO, ETC.
Sumario, etc. So the only question is: do animals other than man suffer?<br/><br/>One of the great moral philosophers of the modern age, Peter Singer asks unflinching questions about how we should live our lives. The ideas collected in these writings, arguing that human tyranny over animals is a wrong comparable to racism and sexism, triggered the animal rights movement and gave impetus to the rise in vegan eating.<br/><br/>GREAT IDEAS. Throughout history, some books have changed the world. They have transformed the way we see ourselves - and each other. They have inspired debate, dissent, war and revolution. They have enlightened, outraged, provoked and comforted. They have enriched lives - and destroyed them. Now Penguin brings you the works of the great thinkers, pioneers, radicals and visionaries whose ideas shook civilization and helped make us who we are.
650 #0 - PUNTO DE ACCESO ADICIONAL DE MATERIA--TÉRMINO DE MATERIA
Término de materia o nombre geográfico como elemento de entrada Animal welfare
Subdivisión general Moral and ethical aspects.
650 #0 - PUNTO DE ACCESO ADICIONAL DE MATERIA--TÉRMINO DE MATERIA
Término de materia o nombre geográfico como elemento de entrada Veganism
9 (RLIN) 22336
830 #0 - PUNTO DE ACCESO ADICIONAL DE SERIE-TÍTULO UNIFORME
Título uniforme Great ideas ;
Designación de volumen o secuencia 120.
942 ## - ELEMENTOS DE ENTRADA AGREGADA (KOHA)
Fuente del sistema de clasificación o colocación Clasificación de Library of Congress
Holdings
Estado de retiro Estado de pérdida Fuente del sistema de clasificación o colocación Estado dañado No para préstamo Biblioteca de origen Biblioteca actual Fecha de adquisición Total de préstamos Signatura topográfica completa Fecha visto por última vez Número de copia Precio válido a partir de Tipo de ítem Koha Nota pública
    Clasificación de Library of Congress     TBS Barcelona TBS Barcelona 28/01/2026   HV4708 SIN 28/01/2026 1 28/01/2026 Book SOON AVAILABLE

Powered by Koha